Statistiche per indovina la nazione dal calciatore

Clicka qui per fare il quiz!

Statistiche generali

  • Questo quiz è stato fatto 127 volte
  • Il punteggio medio è 48 su 211

Statistiche sulle risposte

HintRisposta% Corretto
NeymarBrasile
99%
Lionel MessiArgentina
98%
Kylian MbappeFrancia
98%
Gianluigi BuffonItalia
98%
Alvaro MorataSpagna
98%
Cristiano RonaldoPortogallo
96%
Christian EriksenDanimarca
95%
Harry KaneRegno Unito
95%
Zlatan IbrahimovicSvezia
94%
Kevin De BruyneBelgio
92%
Luka ModricCroazia
92%
Virgil Van DijkPaesi Bassi
91%
Manuel NeuerGermania
89%
Weston MckennieStati Uniti
89%
Dusan VlahovicSerbia
88%
Robert LewandoskiPolonia
87%
Luis SuarezUruguay
86%
Heung-Min SonCorea del sud
85%
Gareth BaleGalles
83%
Tataki YashimotoGiappone
83%
James RodriguezColombia
81%
Mohamed SalahEgitto
81%
Achraf HakimiMarocco
81%
Erling HaalandNorvegia
80%
Yannis SommerSvizzera
79%
Olexandr ZinchenkoUcraina
78%
Sadio ManeSenegal
76%
Hakan ChalanogluTurchia
76%
David AlabaAustria
73%
Keylor NavasCosta Rica
69%
Patrik SchickRepubblica Ceca
67%
Riyad MahrezAlgeria
66%
Edin DzekoBosnia ed Erzegovina
66%
Gary MedelCile
65%
Raul JimenezMessico
65%
Gianluca LapadulaPerù
65%
Franck KessieCosta d'Avorio
64%
Milan SkriniarSlovacchia
63%
Alphonso DaviesCanada
62%
Andrew RoberstonScozia
62%
Andre OnanaCamerun
57%
Goran PandevMacedonia
56%
Dominik SzoboszlaiUngheria
55%
Octavian PopescuRomania
54%
Fedor SmolovRussia
54%
Jan OblakSlovenia
53%
Khvicha KvaratshkeliaGeorgia
49%
Teemu PukkiFinlandia
47%
Henrick MikhitaryanArmenia
46%
Matthew RyanAustralia
46%
Sardar AzmounIran
46%
Albertb GudmunssonIslanda
45%
Pierre Enrick AubameyangGabon
43%
Stefan SavicMontenegro
43%
Kwang- Son HanCorea del nord
42%
Chenje ZhuCina
41%
Samuel ChukwuezeNigeria
39%
Anastasios BakasetasGrecia
38%
Nathan CollinsIrlanda
38%
Eldor ShomudorovUzbekistan
36%
Salman Al FarajArabia saudita
35%
Miguel AlmironParaguay
35%
Piero HincapièEcuador
30%
Leon BaileyGiamaica
30%
Amir RrahmaniKosovo
30%
Nicola NanniSan Marino
28%
Felix Afena-GyanGhana
27%
Hannibal MejbriTunisia
24%
Armando BrojaAlbania
23%
Geoffrey KondogbiaRepubblica Centrafricana
21%
Grigoris KastanosCipro
20%
Musa BarrowGambia
20%
Amrider SinghIndia
20%
Yves BissoumaMali
20%
Bailey Peacock-FarrellIrlanda del Nord
18%
Naby KeitaGuinea
17%
Chris WoodNuova Zelanda
17%
Hasan Al HaydosQatar
17%
Kiril DespodovBulgaria
13%
Pedro ObiangGuinea Equatoriale
13%
Yordan OsorioVenezuela
13%
Patson DakaZambia
12%
Chancel MbembaRepubblica democratica del Congo
9%
Michael MurilloPanama
8%
Ridgeciano hapsSuriname
8%
DjeneTogo
7%
Al MusratiLibia
6%
Parvizdzhon UmarabaevTagikistan
6%
Clinton MataAngola
5%
Arshad Al-AlalawiOman
5%
Percy TauSudafrica
5%
Quang Hai NguyenVietnam
5%
Evgeniy YablonskiyBielorussia
4%
Joan Simun EdmunssonFar Oer
4%
Mama baldèGuinea-Bissau
4%
Sean TseHong Kong
4%
Shon WeissmanIsraele
4%
Benjamin BuchelLiechtenstein
4%
Aboubakar KamaraMauritania
4%
Ally SamattaTanzania
4%
Ali MabkhoutEmirati Arabi Uniti
3%
Romell QuiotoHonduras
3%
Vladislavs GutkovskisLettonia
3%
Reinildo MandavaMozambico
3%
Arslanmurad AmanovTurkmenistan
3%
Josh ParkerAntigua e Barbuda
2%
Mahir EmreliAzerbaigian
2%
Komail Hasan Al-AswadBahrain
2%
Henry VacaBolivia
2%
Jamiro MonteiroCapo Verde
2%
Nelson BonillaEl Salvador
2%
Karol MetsEstonia
2%
Alex LeeGuam
2%
Mohanad JeahzeIraq
2%
Nuraly AlipKazakistan
2%
Yousef NasserKuwait
2%
Edgaras UtkusLituania
2%
Gabadinho MhangoMalawi
2%
Emmanuel ImanishimweRuanda
2%
Steven KaulkerSierra Leone
2%
Mohamhed AbdelrahmanSudan
2%
Theerathon BunhmathanThailandia
2%
Abdulwasea Al-MatariYemen
2%
Tino KadewereZimbabwe
2%
Farshad NoorAfghanistan
1%
Marc ValesAndorra
1%
Youssouf NdayishimiyeBurundi
1%
Faiz SelemaniComore
1%
Juninho BacunaCuraçao
1%
Shimelis bekeleEtiopia
1%
Roy KrishnaFigi
1%
Gerrit HoltmannFilippine
1%
Liam WalkerGibilterra
1%
Mousa al TamariGiordania
1%
Carlens ArcusHaiti
1%
Micah Lea'alafaIsole Salomone
1%
Oscar DorleyLiberia
1%
Loic LapoussinMadagascar
1%
Edmond TapsobaMali
1%
Teddy TeumaMalta
1%
Omar al SomahSiria
1%
Levi GarciaTrinidad e Tobago
1%
Javille BrooksAnguilla
0%
Gregor BreinburgAruba
0%
Christopher RahmingBahamas
0%
Anisur Rahman ZicoBangladesh
0%
Krystian PearceBarbados
0%
Tony RochaBelize
0%
Steve MounièBenin
0%
Chencho GyeltshenBhutan
0%
Maung Maung LwinBirmania
0%
Kabelo SeakanyengBotswana
0%
Haimie Narak NaimieBrunei
0%
Sokpheng KeoCambogia
0%
Casimir NingaCiad
0%
Onel HernandezCuba
0%
Glenson PrinceDominica
0%
Mohamhed SaeidEritrea
0%
Anas Farah AliGibuti
0%
Lucas AkinsGrenada
0%
Rubio RubinGuatemala
0%
Terell OndaanGuyana
0%
Marc KlokIndonesia
0%
Nahki WellsIsole Bermuda
0%
Joshewa Frederick-CharleryIsole Cayman
0%
Benjamin MataIsole Cook
0%
Lionel BrawnIsole Vergini Americane
0%
Carlos SetpusIsole Vergini Britanniche
0%
Michael OlungaKenya
0%
Valeri KichinKirghizistan
0%
Phoutthasay KhochalernLaos
0%
Sera MotebangLesotho
0%
Mohamad AlidarLibano
0%
Leandro BarreiroLussemburgo
0%
Man-Fai HaoMacao
0%
Hussain SifauMaldive
0%
Dion CoolsMalesia
0%
Lindsay RoseMauritius
0%
Oleg ReabciukMoldavia
0%
Ganbold GanbyarMongolia
0%
Lyle TaylorMontserrat
0%
Peter ShalulileNamibia
0%
Suman AryalNepal
0%
Jonathan MoncadaNIcaragua
0%
Youssouf OumarouNiger
0%
Wesley LautoaNuova Caledonia
0%
Ali UzairPakistan
0%
Oday DabbaghPalestina
0%
David BrownePapua Nuova Guinea
0%
Zarek ValentinPorto Rico
0%
Dylan Saint-LouisRepubblica del congo
0%
Edarlyn ReyesRepubblica Dominicana
0%
Romaine SawyersSaint Kitts and Nevis
0%
Oalex AndersonSaint Vincent and Grenadine
0%
Faitalia Hamilton-PamaSamoa
0%
Johnny saeluaSamoa Americane
0%
Kurt FrederickSanta Lucia
0%
Luis LealSao tome e Principe
0%
Michael MancienneSeychelles
0%
Irfan FandiSingapore
0%
Mohamhed AwadSomalia
0%
Chalana ChameraSri Lanka
0%
Valentino YuelSudan del Sud
0%
Justine FiguareidoSwaziland
0%
Teaonui TehauTahiti
0%
Will DonkinTaiwan
0%
Jhon FrithTimor est
0%
Kamaliele PapaniTonga
0%
Billy ForbesTurks and Caicos
0%
Farouk MiyaUganda
0%
Mitch CooperVanuatu
0%

Distribuzione punteggi

Percentile per numero di risposta

Percentuale di utenti per punteggio

I tuoi punteggi nel tempo

Non hai fatto questo quiz